| 000 | 00372nam a22001457a 4500 | ||
|---|---|---|---|
| 020 | _a978-1-41691-127-2 | ||
| 082 |
_a823 _bRIC/D |
||
| 100 | _aCHRISTINE RICCI | ||
| 245 |
_aDORA;S COSTUME PARTY _bPICTURE STORY |
||
| 246 |
_aDORA;S COSTUME PARTY _bPICTURE STORY |
||
| 260 |
_aLONDON _bSIMON AND SCHUSTER |
||
| 520 | _aPICTURE STORY | ||
| 650 | _aPICTURE STORY | ||
| 942 | _cBK | ||
| 999 |
_c2560 _d2560 |
||